<?xml version="1.0" encoding="UTF-8"?>
<record
    xmlns:xsi="http://www.w3.org/2001/XMLSchema-instance"
    xsi:schemaLocation="http://www.loc.gov/MARC21/slim http://www.loc.gov/standards/marcxml/schema/MARC21slim.xsd"
    xmlns="http://www.loc.gov/MARC21/slim">

  <leader>04174cam a2200469 i 4500</leader>
  <controlfield tag="001">676298</controlfield>
  <controlfield tag="003">CO-MdUADB</controlfield>
  <controlfield tag="005">20260506091544.0</controlfield>
  <controlfield tag="007">ta</controlfield>
  <controlfield tag="008">010724s2014       aod fr       1 0dspa d</controlfield>
  <datafield tag="020" ind1=" " ind2=" ">
    <subfield code="a">9780736087728</subfield>
    <subfield code="q">ISBN-13</subfield>
  </datafield>
  <datafield tag="020" ind1=" " ind2=" ">
    <subfield code="a">0736087729</subfield>
    <subfield code="q">ISBN-10</subfield>
  </datafield>
  <datafield tag="035" ind1=" " ind2=" ">
    <subfield code="a">676298</subfield>
  </datafield>
  <datafield tag="035" ind1=" " ind2=" ">
    <subfield code="a">(OCoLC)639575480</subfield>
  </datafield>
  <datafield tag="040" ind1=" " ind2=" ">
    <subfield code="c">CO-MdUADB</subfield>
    <subfield code="a">CO-MdUADB</subfield>
    <subfield code="b">spa</subfield>
    <subfield code="e">rda</subfield>
  </datafield>
  <datafield tag="041" ind1="1" ind2=" ">
    <subfield code="a">spa</subfield>
    <subfield code="h">eng</subfield>
  </datafield>
  <datafield tag="050" ind1=" " ind2="4">
    <subfield code="a">QP</subfield>
  </datafield>
  <datafield tag="060" ind1=" " ind2="4">
    <subfield code="a">QT</subfield>
  </datafield>
  <datafield tag="082" ind1="7" ind2="4">
    <subfield code="a">613</subfield>
  </datafield>
  <datafield tag="100" ind1="1" ind2="0">
    <subfield code="a">Kenney, W. Larry,</subfield>
    <subfield code="d">1957-</subfield>
    <subfield code="4">aut</subfield>
    <subfield code="e">aut</subfield>
    <subfield code="9">720483</subfield>
  </datafield>
  <datafield tag="245" ind1="1" ind2="0">
    <subfield code="a">Fisiolog&#xED;a del deporte y el ejercicio</subfield>
  </datafield>
  <datafield tag="246" ind1="0" ind2="1">
    <subfield code="a">Physiology of sports and exercise</subfield>
  </datafield>
  <datafield tag="250" ind1=" " ind2=" ">
    <subfield code="a">5. edici&#xF3;n</subfield>
  </datafield>
  <datafield tag="264" ind1=" " ind2="1">
    <subfield code="a">Buenos Aires :</subfield>
    <subfield code="b">Editorial M&#xE9;dica Panamericana ;</subfield>
    <subfield code="b">Human Kinetics,</subfield>
    <subfield code="c">2014.</subfield>
  </datafield>
  <datafield tag="300" ind1=" " ind2=" ">
    <subfield code="a">xvii, 621 p&#xE1;ginas :</subfield>
    <subfield code="b">ilustraciones a color, fotograf&#xED;as, gr&#xE1;ficos, tablas.</subfield>
  </datafield>
  <datafield tag="336" ind1=" " ind2=" ">
    <subfield code="2">rdacontent</subfield>
    <subfield code="a">texto</subfield>
    <subfield code="b">txt</subfield>
  </datafield>
  <datafield tag="337" ind1=" " ind2=" ">
    <subfield code="a">no mediado</subfield>
  </datafield>
  <datafield tag="338" ind1=" " ind2=" ">
    <subfield code="a">volumen</subfield>
  </datafield>
  <datafield tag="504" ind1=" " ind2=" ">
    <subfield code="a">Incluye referencias bibliogr&#xE1;ficas e &#xED;ndice.</subfield>
  </datafield>
  <datafield tag="505" ind1="0" ind2="0">
    <subfield code="a">     </subfield>
    <subfield code="t">Prefacio. --</subfield>
    <subfield code="t"> Introducci&#xF3;n: introducci&#xF3;n a la fisiolog&#xED;a del ejercicio y el deporte. -- </subfield>
    <subfield code="t">I. Ejercicio muscular. -- </subfield>
    <subfield code="t">1. Estructura y funci&#xF3;n del m&#xFA;sculo durante el ejercicio. --</subfield>
    <subfield code="t">2. Combustible para el ejercicio: bioenerg&#xE9;tica y metabolismo muscular. --</subfield>
    <subfield code="t">3. Control neural de los m&#xFA;sculos durante el ejercicio. --</subfield>
    <subfield code="t">4. Control hormonal durante el ejercicio. --</subfield>
    <subfield code="t">5. Gasto energ&#xE9;tico y fatiga. --</subfield>
    <subfield code="t">II. Funci&#xF3;n cardiovascular y respiratoria. --</subfield>
    <subfield code="t">6. El aparato cardiovascular y su control. --</subfield>
    <subfield code="t">7. El aparato respiratorio y su regulaci&#xF3;n. --</subfield>
    <subfield code="t">8. Respuestas cardiorrespiratorias al ejercicio agudo. --</subfield>
    <subfield code="t">III. Entrenamiento. --</subfield>
    <subfield code="t">9. Principios del entrenamiento. --</subfield>
    <subfield code="t">10. Adaptaciones al entrenamiento con sobrecarga. --</subfield>
    <subfield code="t">11. Adaptaciones al entrenamiento aer&#xF3;bico y anaer&#xF3;bico. --</subfield>
    <subfield code="t">IV. Efectos del medioambiente sobre el rendimiento. --</subfield>
    <subfield code="t">12.  Ejercicio en ambientes calurosos y fr&#xED;os. --</subfield>
    <subfield code="t">13. Ejercicio en la altura. --</subfield>
    <subfield code="t">V. Optimizaci&#xF3;n del rendimiento deportivo. --</subfield>
    <subfield code="t">14. Entrenamiento para el deporte. --</subfield>
    <subfield code="t">15. Composici&#xF3;n corporal y nutrici&#xF3;n para el deporte. --</subfield>
    <subfield code="t">16. Ayudas ergog&#xE9;nicas y deporte. --</subfield>
    <subfield code="t">VI. Consideraciones relacionadas con la edad y el sexo en el deporte y el ejercicio. --</subfield>
    <subfield code="t">17. Ni&#xF1;os y adolescentes en el deporte y el ejercicio. --</subfield>
    <subfield code="t">18. Deporte y ejercicio en adultos mayores. --</subfield>
    <subfield code="t">19. Diferencias sexuales en el deporte y el ejercicio. --</subfield>
    <subfield code="t">VII. Actividad f&#xED;sica para la salud y la aptitud f&#xED;sica. --</subfield>
    <subfield code="t">20. Prescripci&#xF3;n del ejercicio para la salud y la aptitud f&#xED;sica. --</subfield>
    <subfield code="t">21. Enfermedades cardiovasculares y actividad f&#xED;sica. --</subfield>
    <subfield code="t">22. Obesidad, diabetes y actividad f&#xED;sica. --</subfield>
    <subfield code="t">Glosario.</subfield>
  </datafield>
  <datafield tag="520" ind1="3" ind2=" ">
    <subfield code="a">Fisiolog&#xED;a del deporte y el ejercicio es el libro de texto de referencia en los cursos universitarios de fisiolog&#xED;a del ejercicio. Esta 5. edici&#xF3;n ha sido actualizada por completo, tanto en su contenido como en su dise&#xF1;o gr&#xE1;fico. Todos los autores son investigadores distinguidos y expresidentes del American College of Sports Medicine, y su experiencia conjunta se refleja en un contenido t&#xE9;cnico de excelencia presentado en un formato accesible y ameno para el lector.
La 5. edici&#xF3;n ha sido redise&#xF1;ada para mejorar su presentaci&#xF3;n visual y facilitar a los estudiantes su experiencia de aprendizaje. Sus fotograf&#xED;as, ilustraciones y diagramas completamente renovados ofrecen mayor detalle y claridad a fin de ilustrar c&#xF3;mo funciona el organismo y sus respuestas a la actividad f&#xED;sica. Asimismo, el texto se ha actualizado para incluir las &#xFA;ltimas investigaciones en la especialidad, y se ha reorganizado la estructura de los cap&#xED;tulos. (Tomado de la contratapa).</subfield>
  </datafield>
  <datafield tag="650" ind1="1" ind2="7">
    <subfield code="a">Ejercicio</subfield>
    <subfield code="x">Aspectos fisiol&#xF3;gicos</subfield>
    <subfield code="2">armarc</subfield>
    <subfield code="9">19158</subfield>
  </datafield>
  <datafield tag="650" ind1="1" ind2="7">
    <subfield code="a">Ejercicio f&#xED;sico</subfield>
    <subfield code="2">embne</subfield>
    <subfield code="9">18515</subfield>
  </datafield>
  <datafield tag="650" ind1="2" ind2="4">
    <subfield code="a">Ejercicio f&#xED;sico y salud</subfield>
    <subfield code="9">135658</subfield>
  </datafield>
  <datafield tag="650" ind1="1" ind2="7">
    <subfield code="a">Entrenamiento deportivo</subfield>
    <subfield code="9">173643</subfield>
    <subfield code="2">embne</subfield>
  </datafield>
  <datafield tag="650" ind1="1" ind2="7">
    <subfield code="a">Rendimiento atl&#xE9;tico</subfield>
    <subfield code="2">dcs</subfield>
    <subfield code="9">21494</subfield>
  </datafield>
  <datafield tag="650" ind1="2" ind2="7">
    <subfield code="a">Composici&#xF3;n corporal</subfield>
    <subfield code="2">dcs</subfield>
    <subfield code="9">46363</subfield>
  </datafield>
  <datafield tag="700" ind1="1" ind2="0">
    <subfield code="a">Wilmore, Jack Harrison,</subfield>
    <subfield code="4">aut</subfield>
    <subfield code="e">aut</subfield>
    <subfield code="9">298980</subfield>
    <subfield code="d">1938-</subfield>
  </datafield>
  <datafield tag="700" ind1="1" ind2="0">
    <subfield code="a">Costill, David L.,</subfield>
    <subfield code="4">aut</subfield>
    <subfield code="e">aut</subfield>
    <subfield code="9">343102</subfield>
    <subfield code="d">1936-</subfield>
  </datafield>
  <datafield tag="700" ind1="1" ind2="0">
    <subfield code="a">Rosso, Sebasti&#xE1;n del</subfield>
    <subfield code="e">rev</subfield>
    <subfield code="9">853525</subfield>
  </datafield>
  <datafield tag="942" ind1=" " ind2=" ">
    <subfield code="c">BOOK</subfield>
    <subfield code="2">ddc</subfield>
  </datafield>
  <datafield tag="999" ind1=" " ind2=" ">
    <subfield code="c">209466</subfield>
    <subfield code="d">209466</subfield>
  </datafield>
  <datafield tag="952" ind1=" " ind2=" ">
    <subfield code="0">0</subfield>
    <subfield code="1">0</subfield>
    <subfield code="4">0</subfield>
    <subfield code="7">0</subfield>
    <subfield code="8">GENERAL</subfield>
    <subfield code="a">BM</subfield>
    <subfield code="b">BM</subfield>
    <subfield code="d">2015-07-24</subfield>
    <subfield code="e">Diego Pareja Villa</subfield>
    <subfield code="g">156000.00</subfield>
    <subfield code="i">C1229755</subfield>
    <subfield code="l">1</subfield>
    <subfield code="m">2</subfield>
    <subfield code="o">QT255 K4-14</subfield>
    <subfield code="p">01008497</subfield>
    <subfield code="r">2025-04-02 11:52:19</subfield>
    <subfield code="s">2024-09-27</subfield>
    <subfield code="t">1</subfield>
    <subfield code="w">2023-04-23</subfield>
    <subfield code="y">BOOK</subfield>
  </datafield>
  <datafield tag="952" ind1=" " ind2=" ">
    <subfield code="0">0</subfield>
    <subfield code="1">0</subfield>
    <subfield code="4">0</subfield>
    <subfield code="7">0</subfield>
    <subfield code="8">GENERAL</subfield>
    <subfield code="a">EDUFI</subfield>
    <subfield code="b">EDUFI</subfield>
    <subfield code="d">2015-07-30</subfield>
    <subfield code="e">Diego Pareja Villa</subfield>
    <subfield code="g">156000.00</subfield>
    <subfield code="i">C1230099</subfield>
    <subfield code="l">3</subfield>
    <subfield code="m">1</subfield>
    <subfield code="o">QP301 K4</subfield>
    <subfield code="p">01008641</subfield>
    <subfield code="r">2025-01-27 00:00:00</subfield>
    <subfield code="s">2024-09-16</subfield>
    <subfield code="t">2</subfield>
    <subfield code="w">2023-04-23</subfield>
    <subfield code="y">BOOK</subfield>
  </datafield>
  <datafield tag="952" ind1=" " ind2=" ">
    <subfield code="0">0</subfield>
    <subfield code="1">0</subfield>
    <subfield code="2">ddc</subfield>
    <subfield code="4">0</subfield>
    <subfield code="7">0</subfield>
    <subfield code="8">GENERAL</subfield>
    <subfield code="a">CAREP</subfield>
    <subfield code="b">CAREP</subfield>
    <subfield code="d">2023-06-07</subfield>
    <subfield code="e">Transferencia Librer&#xED;a Universidad de Antioquia</subfield>
    <subfield code="f">COMP</subfield>
    <subfield code="g">338800.00</subfield>
    <subfield code="l">1</subfield>
    <subfield code="o">613.711 K36</subfield>
    <subfield code="p">01093874</subfield>
    <subfield code="q">2026-05-28</subfield>
    <subfield code="r">2026-04-10 11:16:38</subfield>
    <subfield code="s">2026-04-10</subfield>
    <subfield code="w">2023-06-07</subfield>
    <subfield code="y">BOOK</subfield>
  </datafield>
</record>
